00669nam a22002177a 4500003001100000005001700011008004100028020001500069040003900084041000800123082001300131100002200144245004200166260005400208300002600262650003400288700001900322942000700341952008800348999001500436LK-CoMWRAF20231218150742.0231218b1997 |||||||| |||| 00| 0 eng d a0811498603 aLK-CoMWRAFdLK-CoMWRAFeLK-CoMWRAF aeng a500bHOL aHolbrook, Anne M. aScience : binquiry and investigation aAustin:bSteck-Vaughn Berrent Publications,c1997 a 92 p. : ill. ; 28 cm aScience -Problems, exercises, aWhite, Michael cBK 00104070aMAINbMAINd2023-12-18l0o500 HOLpRAF4584r2023-12-18w2023-12-18yBK c4528d4528